Pays les plus proches du Mali - Statistiques

Statistiques générales
  • Ce quiz a été pris 182 fois
  • Le résultat moyen est 16 sur 20
Statistiques - réponses
km pays % Correct
0 Algérie
97%
0 Sénégal
96%
0 Guinée
93%
0 Mauritanie
93%
0 Niger
93%
0 Côte d'Ivoire
91%
363 Maroc
91%
0 Burkina Faso
85%
393 Togo
84%
189 Gambie
81%
226 Ghana
81%
214 Nigeria
81%
326 Bénin
78%
1018 Tchad
76%
208 Guinée-Bissau
75%
281 Liberia
70%
223 Sierra Leone
68%
867 Libye
67%
816 Espagne
32%
238 Sahara occidental
23%
Aucun quiz correspondant
Distribution des résultats
% des personnes avec chaque résultat
Percentile par nombre de réponses
Votre historique - résultats
Vous n’avez pas pris ce quiz